| 000 | 00461nam a2200169Ia 4500 | ||
|---|---|---|---|
| 001 | 26177 | ||
| 003 | IN-NITTTR | ||
| 005 | 20251114233330.0 | ||
| 008 | 251113s9999||||xx |||||||||||||| ||eng|| | ||
| 040 | _beng | ||
| 040 | _cIN-NITTTR | ||
| 041 | _aeng | ||
| 082 | _a616.836 H581C | ||
| 100 | _aHinchcliffe, Archie | ||
| 245 | 0 |
_aChildren with cerebral palsy : _b a manual for therapists, parents and community workers / _cHinchcliffe, Archie |
|
| 942 |
_2ddc _cBK |
||
| 999 |
_c28806 _d28806 |
||